| 000 | 00850cam a22002894a 4500 | ||
|---|---|---|---|
| 001 | 13433191 | ||
| 003 | OSt | ||
| 005 | 20211130135452.0 | ||
| 008 | 031212s2005 maua 001 0 eng | ||
| 010 | _a2008938344 | ||
| 020 | _a9780324827316 | ||
| 020 | _a0324827318 | ||
| 040 |
_aDLC _cLC _dDLC |
||
| 042 | _apcc | ||
| 050 | 0 | 0 | _aHD58.7.M82(9e) |
| 100 | _qMoorhead, Gregory | ||
| 245 | 1 | 0 |
_aOrganizational behavior: managing people and organizations. / _cGregory Moorhead, Ricky W. Griffin. |
| 250 | _a9th ed. | ||
| 260 |
_aMason: _bSouth-Western, Cengage learning, _c2010. |
||
| 300 | _axxiv, 568 p. : | ||
| 500 | _aSubtitle on cover: Emerging realities for the workplace revolution. | ||
| 500 | _aIncludes indexes. | ||
| 505 | _aContents: | ||
| 650 | 0 | _aOrganizational behavior. | |
| 700 | _qGriffin, Ricky W. | ||
| 942 |
_2lcc _cBK |
||
| 999 |
_c8171 _d15671 |
||